Trading partners of Sierra Leone Quiz Stats

 Plays Quiz not verified by Sporcle

Challenge
Share
Tweet
Embed
Score 0/20 Timer 04:00
0 Plays Today
Hint Country % Correct
ExportsUSA
96.4%
ImportsUSA
96.4%
ExportsUK
91.1%
ImportsUK
91.1%
ExportsChina
87.5%
ImportsChina
87.5%
ExportsFrance
82.1%
ImportsFrance
82.1%
ExportsIndia
73.2%
ImportsIndia
73.2%
Hint Country % Correct
ImportsSouth Africa
73.2%
ExportsNetherlands
67.9%
ImportsNetherlands
67.9%
ExportsBelgium
64.3%
ImportsBelgium
64.3%
ExportsTurkey
53.6%
ImportsBenin
46.4%
ImportsUAE
39.3%
ExportsVietnam
32.1%
ExportsRomania
25%

You're not logged in!

Compare scores with friends on all Sporcle quizzes.
OR
Log In

You Might Also Like...

Show Comments

Extras

Top Quizzes Today


Score Distribution

Your Account Isn't Verified!

In order to create a playlist on Sporcle, you need to verify the email address you used during registration. Go to your Sporcle Settings to finish the process.

Report this User

Report this user for behavior that violates our Community Guidelines.

Details: